Normal view
MARC view
- Zúñiga León, Irma M.
Entry Personal Name
001 - CONTROL NUMBER
- control field: 62941
003 - CONTROL NUMBER IDENTIFIER
- control field: OSt
005 - DATE AND TIME OF LATEST TRANSACTION
- control field: 20241015095002.0
008 - FIXED-LENGTH DATA ELEMENTS
- fixed length control field: 241015|| aca||aabn | a|a d
040 ## - CATALOGING SOURCE
- Original cataloging agency: OSt
100 ## - HEADING--PERSONAL NAME
- Personal name: Zúñiga León, Irma M.
- Relator term: author.
